书目信息 |
| 题名: |
校园球类运动开展的理论与实践
|
|
| 作者: | 何晨阳 著 | |
| 分册: | ||
| 出版信息: | 天津 天津人民出版社 2021.4 |
|
| 页数: | 194页 | |
| 开本: | 24cm | |
| 丛书名: | ||
| 单 册: | ||
| 中图分类: | G84 | |
| 科图分类: | ||
| 主题词: | 球类运动--学校体育--研究 | |
| 电子资源: | ||
| ISBN: | 978-7-201-17147-0 | |
| 000 | 00834nam0 2200241 45 | |
| 001 | 490059 | |
| 005 | 20140817163713.0 | |
| 010 | @a978-7-201-17147-0@dCNY79.00 | |
| 100 | @a20210623d2021 em y0chiy0110 ea | |
| 101 | 0 | @achi |
| 102 | @aCN@b120000 | |
| 105 | @ay az 000yy | |
| 106 | @ar | |
| 200 | 1 | @a校园球类运动开展的理论与实践@Axiao yuan qiu lei yun dong kai zhan de li lun yu shi jian@f何晨阳著 |
| 210 | @a天津@c天津人民出版社@d2021.4 | |
| 215 | @a194页@d24cm | |
| 320 | @a有书目 (第192-194页) | |
| 330 | @a本书共七章,内容包括:足球运动的起源与发展;足球基本技术及校园足球开展;篮球运动及其在我国的发展;篮球运动技术与校园篮球开展;排球运动的起源与发展等。 | |
| 606 | 0 | @a球类运动@x学校体育@x研究 |
| 690 | @aG84@v5 | |
| 701 | 0 | @a何晨阳@Ahe chen yang@4著 |
| 801 | @aCN@b江苏凤凰@c20211018 | |
| 905 | @b1355466-9@dG84@e686@f4 | |
| 校园球类运动开展的理论与实践/何晨阳著.-天津:天津人民出版社,2021.4 |
| 194页;24cm |
| ISBN 978-7-201-17147-0:CNY79.00 |
| 本书共七章,内容包括:足球运动的起源与发展;足球基本技术及校园足球开展;篮球运动及其在我国的发展;篮球运动技术与校园篮球开展;排球运动的起源与发展等。 |
| ● |
| 相关链接 |
|
|
|
|
正题名:校园球类运动开展的理论与实践
索取号:G84/686
 
预约/预借
| 序号 | 登录号 | 条形码 | 馆藏地/架位号 | 状态 | 备注 |
| 1 | 1355466 | 213554660 | 第一样本阅览室/ [索取号:G84/686] | 在馆 | |
| 2 | 1355467 | 213554679 | 第四借阅区/ [索取号:G84/686] | 在馆 | |
| 3 | 1355468 | 213554688 | 第四借阅区/ [索取号:G84/686] | 在馆 | |
| 4 | 1355469 | 213554697 | 第四借阅区/ [索取号:G84/686] | 在馆 |